000 01041nam a2200277Ia 4500
003 OSt
005 20221005105302.0
006 a|||||r|||| 00| 0
007 ta
008 221004b |||||||| |||| 00| 0 hin d
020 _a8170167566 (hbk)
_c450
024 _a20056
037 _b24018, 27/03/2015, Kitab Ghar
_cTextual
040 _aCRL
_cCRL
_bhin
041 _2hin
_ahin
082 _aO152,1v, P6
100 _aटंडन, पूरनचंद
245 0 _aहिन्दी कविता का प्रवृतिगत इतिहास
246 _aHindī kavitā kā pravṛutigat itihāsa
260 _aनई दिल्ली
_bकिताबघर भारत
_c2011
300 _a240पृ0
_ccm.
650 _aहिन्दी साहित्य
700 _a विनीता कुमारी
942 _hO152,1v, P6
_cTEXL
_2cc
999 _c1015366
_d1015366